[Event "TCh-POL Ekstraliga"]
[Site "Wroclaw POL"]
[Date "2011.05.06"]
[Round "1.5"]
[White "Dragun,K"]
[Black "Gajewski,G"]
[Result "1/2-1/2"]
[WhiteElo "2420"]
[BlackElo "2607"]

1.e4 c5 2.Nf3 e6 3.d4 cxd4 4.Nxd4 a6 5.Nc3 Qc7 6.Bd3 Nf6 7.O-O d6 8.Be3 Nbd7
9.f4 b5 10.Qf3 Bb7 11.a3 g6 12.Rad1 Be7 13.Kh1 O-O 14.Qh3 e5 15.Nf3 Nh5 16.fxe5 Nxe5
17.Nxe5 dxe5 18.Be2 Bc8 19.Nd5 Qb7 20.Qf3 Be6 21.Nxe7+ Qxe7 22.Qf2 Nf4 23.Bc5 Qc7
24.Bxf8 Rxf8 25.Bf3 a5 26.Rd2 b4 27.Qe3 bxa3 28.Qxa3 Rb8 29.Ra1 a4 30.Rad1 Kg7
31.c3 Bb3 32.Rd7 Qb6 33.Qe7 Be6 34.Rd8 Rxd8 35.Rxd8 Nh3 36.Qf8+ Kf6 37.Qh8+ Ke7
38.Qf8+ Kf6 39.Qh8+ Ke7  1/2-1/2

[Event "7th Mukachevo Rating"]
[Site "Mukachevo UKR"]
[Date "2011.05.07"]
[Round "4"]
[White "Nayhebaver,Martin"]
[Black "Yarmysty,M"]
[Result "0-1"]
[WhiteElo "2089"]
[BlackElo "2312"]

1.e4 c5 2.Nf3 e6 3.d4 cxd4 4.Nxd4 a6 5.Nc3 b5 6.g3 Bb7 7.Bg2 b4 8.Nce2 Nf6
9.Qd3 a5 10.Bg5 Na6 11.Bxf6 gxf6 12.O-O Qb6 13.a3 Bg7 14.Rfd1 O-O 15.axb4 axb4
16.Nb3 Rac8 17.Nf4 Rfd8 18.Nh5 Nc7 19.Nxg7 Kxg7 20.Qf3 Ne8 21.Qg4+ Kf8 22.Rd2 Rc4
23.Na5 Ra8 24.Rxd7 Rxc2 25.Qf3 Bc8 26.Nb3 Rxa1+ 27.Nxa1 Rxb2 28.Rd1 Ba6 29.Bf1 Bxf1
30.Rxf1 Qc5 31.Qf4 Qd4 32.Qh4 Nd6 33.Qxh7 Nxe4 34.Qh6+ Ke7 35.Qf4 e5 36.Qf3 Nd2
37.Qb7+ Qd7 38.Qxd7+ Kxd7 39.Rd1 Ke6 40.h4 Kf5 41.Kg2 Kg4 42.Re1 e4 43.Re2 f5
44.Nb3 Rxb3 45.Rxd2 Rd3 46.Rb2 b3 47.Re2 Rc3 48.Rb2 f4 49.gxf4 Kxf4 50.Rb1 Kg4
51.Re1 f5  0-1

[Event "Ostravsky Konik A"]
[Site "Ostrava CZE"]
[Date "2011.05.07"]
[Round "8.30"]
[White "Rabatin,J"]
[Black "Stachon,Martin"]
[Result "1-0"]
[WhiteElo "2119"]
[BlackElo "1936"]

1.e4 c5 2.Nf3 e6 3.d4 cxd4 4.Nxd4 a6 5.Nc3 Qc7 6.Bd3 Nc6 7.Nxc6 dxc6 8.O-O e5
9.f4 Nf6 10.Kh1 Bc5 11.f5 h5 12.Qf3 Ng4 13.Bg5 f6 14.Bh4 Qf7 15.h3 Ne3 16.Bf2 Nxf1
17.Bxc5 Nd2 18.Qe2 b6 19.Bxb6 O-O 20.Qxd2 Rb8 21.Qe2 Kh8 22.Bc4 Qe8 23.Bc5 Rg8
24.Rd1 g5 25.Rd8  1-0

[Event "TCh-SVK Extraliga 2010-11"]
[Site "Slovakia SVK"]
[Date "2011.05.07"]
[Round "10"]
[White "Skara,V"]
[Black "Gerbery,R"]
[Result "1/2-1/2"]
[WhiteElo "2161"]
[BlackElo "2179"]

1.e4 c5 2.Nf3 e6 3.d4 cxd4 4.Nxd4 a6 5.Nc3 Qc7 6.Bd3 Nc6 7.Nb3 b5 8.O-O Bb7
9.Kh1 Nf6 10.f4 Nb4 11.Be3 d6 12.Rc1 Be7 13.a3 Nc6 14.Qe1 h5 15.Be2 Rc8 16.Bf3 h4
17.Qe2 Nb8 18.Nd2 Nbd7 19.Nd1 Nb6 20.Bxb6 Qxb6 21.Ne3 Bc6 22.c3 Qb7 23.Nc2 Qb6
24.Nb4 Bb7 25.Rfe1 Nd7 26.Rcd1 Qc5 27.Nd3 Qc7 28.h3 O-O 29.Nf2 Nb6 30.f5 e5
31.Ng4 Nd7 32.Nf1 Qc4 33.Qf2 Qc5 34.Nfe3 Rfd8 35.g3 hxg3 36.Qxg3 f6 37.Rg1 Bf8
38.Nh6+ Kh8 39.Rd5 Qxe3 40.Nf7+ Kg8 41.Qg6 Qxf3+ 42.Kh2 Qf4+ 43.Rg3 Bxd5
44.exd5 Qf2+  1/2-1/2

[Event "ch-Euro Indiv Women"]
[Site "Tbilisi GEO"]
[Date "2011.05.07"]
[Round "1"]
[White "Skrabakova,Katarina"]
[Black "Sharevich,A"]
[Result "1/2-1/2"]
[WhiteElo "2071"]
[BlackElo "2378"]

1.e4 c5 2.Nf3 e6 3.d4 cxd4 4.Nxd4 a6 5.Nc3 Qc7 6.Be2 b5 7.O-O Nc6 8.Nxc6 dxc6
9.Re1 e5 10.Bg4 Bc5 11.Bxc8 Qxc8 12.Be3 Bd6 13.Qf3 Nf6 14.Rad1 Qe6 15.Rd2 O-O
16.Red1 Rad8 17.h3 h6 18.a4 b4 19.Ne2 Kh7 20.Ng3 g6 21.Qe2 c5 22.c4 bxc3
23.bxc3 c4 24.Rb1 Rb8 25.Rdb2 Rxb2 26.Rxb2 Nd7  1/2-1/2

[Event "TCh-POL Ekstraliga"]
[Site "Wroclaw POL"]
[Date "2011.05.07"]
[Round "2.4"]
[White "Wieczorek,O"]
[Black "Drozdowski,K"]
[Result "1/2-1/2"]
[WhiteElo "2383"]
[BlackElo "2299"]

1.e4 c5 2.Nf3 e6 3.d4 cxd4 4.Nxd4 a6 5.Nc3 b5 6.Bd3 Bb7 7.O-O Nc6 8.Be3 Qc7
9.Qe2 Nf6 10.a4 b4 11.Nd5 exd5 12.exd5 Nxd4 13.Bxd4+ Kd8 14.Qf3 Be7 15.Rfe1 Qd6
16.c4 bxc3 17.Be5 Qc5 18.b4 Qxb4 19.Rab1 Bxd5 20.Qg3 Qc5 21.Bxc3 Bd6 22.Ba5+ Qxa5
23.Qxd6 Qc7 24.Qe7+ Kc8 25.Rec1 Bc6 26.Qxf7 Rd8 27.Qxg7 Nd5 28.Be4 Nb6 29.a5 Rb8
30.axb6 Rxb6 31.Rxb6 Qxb6 32.Rb1 Bb5 33.Bd3 Re8 34.Bxb5 axb5 35.Qxh7 Qc5
36.Rd1 Re7 37.Qd3 d5 38.g3 Qc4 39.Qf5+ Rd7 40.Ra1 Qc6 41.Qf8+ Rd8 42.Qa3 Qb6
43.Rc1+ Kb8 44.Qc5 Qxc5 45.Rxc5 Kb7 46.Rxb5+ Kc6 47.Rb1 d4 48.f3 Kd5 49.Kf2 Kc4
50.Rc1+ Kd3 51.h4 Kd2 52.Rc7 d3 53.h5 Kd1 54.g4 d2 55.h6 Rc8 56.Rd7 Rc7 57.h7 Rxd7
58.h8=Q Rb7 59.Qc3 Rh7 60.Qb3+ Kc1 61.Qc3+ Kd1 62.g5 Rh2+ 63.Kg3 Re2 64.f4 Re8
65.Kf3 Ke1 66.g6 Rc8 67.Qe3+ Kd1 68.f5 Kc2 69.Qe2 Kc1 70.Qe3 Kc2 71.Qe4+ Kc1
72.Qe3 Kc2 73.Ke4 Kc1  1/2-1/2

[Event "ch-Euro Indiv Women"]
[Site "Tbilisi GEO"]
[Date "2011.05.08"]
[Round "2"]
[White "Choladze,M"]
[Black "Abdulla,K"]
[Result "1/2-1/2"]
[WhiteElo "1818"]
[BlackElo "2168"]

1.e4 c5 2.Nf3 e6 3.d4 cxd4 4.Nxd4 a6 5.Nc3 Qc7 6.Be2 Nf6 7.O-O Nc6 8.Be3 Bb4
9.Na4 Be7 10.Nxc6 bxc6 11.Nb6 Rb8 12.Nxc8 Qxc8 13.Bd4 c5 14.Be5 Rb6 15.Qd3 O-O
16.b3 d6 17.Bc3 Rc6 18.Rfd1 Qc7 19.Rab1 Nd7 20.Rd2 Rd8 21.Rbd1 Nf8 22.Qg3 Ng6
23.f4 Bh4 24.Qg4 Be7 25.Bc4 Qc8 26.f5 exf5 27.exf5 Ne5 28.Bxe5 dxe5 29.Rxd8+ Bxd8
30.Qe4 Bf6 31.Qd5 Rc7 32.Bxa6 Qb8 33.a4 h6 34.Bc4 Qb4 35.Qa8+ Kh7 36.Qe8 Qb7
37.a5 Re7 38.Qf8 Rd7 39.Rxd7 Qxd7 40.Qxf7 Qd4+ 41.Kf1 Qd1+ 42.Kf2 Qxc2+ 43.Ke3 Qc3+
44.Ke2 Qb2+ 45.Ke3 Qd4+ 46.Ke2 Qe4+ 47.Kd1 Qxf5 48.Qd5  1/2-1/2

[Event "ch-UKR semi-final"]
[Site "Alushta UKR"]
[Date "2011.05.09"]
[Round "7.21"]
[White "Terletsky,O"]
[Black "Oleksienko,M"]
[Result "0-1"]
[WhiteElo "2179"]
[BlackElo "2577"]

1.e4 c5 2.Nf3 e6 3.d4 cxd4 4.Nxd4 a6 5.Nc3 b5 6.g3 b4 7.Na4 Bb7 8.Bg2 Nf6
9.O-O Bxe4 10.Bxe4 Nxe4 11.f4 g6 12.Be3 Bg7 13.Qd3 d5 14.Qb3 Nd2 15.Bxd2 Bxd4+
16.Be3 Bxe3+ 17.Qxe3 O-O 18.Rad1 Nd7 19.c4 bxc3 20.Nxc3 Qb6 21.Rd4 Qxb2 22.f5 exf5
23.Rxd5 Qb6 24.Qxb6 Nxb6 25.Rd6 Nc4 26.Rd4 Ne3 27.Rf3 Rfe8 28.Nd5 Nxd5 29.Rxd5 Rad8
30.Rfd3 Rxd5 31.Rxd5 Kg7 32.Kf2 Kf6 33.h4 Re5 34.Rd6+ Re6 35.Rd5 Rc6 36.Ra5 h6
37.Kf3 g5 38.Kf2 Kg6 39.Kf3 Rf6 40.Ra4 f4 41.hxg5 hxg5 42.gxf4 Rxf4+ 43.Rxf4 gxf4
44.Kxf4 Kf6  0-1

[Event "ch-UKR semi-final"]
[Site "Alushta UKR"]
[Date "2011.05.11"]
[Round "9.46"]
[White "Tichonov,J"]
[Black "Buturin,V"]
[Result "1-0"]
[WhiteElo "2128"]
[BlackElo "2311"]

1.e4 c5 2.Nf3 e6 3.d4 cxd4 4.Nxd4 a6 5.Nc3 b5 6.Bd3 Bb7 7.O-O d6 8.Re1 Nf6
9.Nd5 Nbd7 10.Nxf6+ Nxf6 11.a4 b4 12.Bd2 d5 13.e5 Ne4 14.Be3 Qc7 15.f3 Nc5
16.f4 g6 17.a5 Be7 18.Kh1 h5 19.Qd2 h4 20.Qe2 h3 21.g3 g5 22.Qg4 gxf4 23.Bxf4 Kd7
24.Qe2 Rac8 25.Rac1 Qd8 26.Kg1 Bg5 27.Bxg5 Qxg5 28.Nf3 Qh6 29.Rf1 Rhf8 30.Nd4 f5
31.exf6 Rxf6 32.Nf3 Rcf8 33.Ne5+ Kd6 34.Ng4 Rxf1+ 35.Rxf1 Rxf1+ 36.Qxf1 Qg7
37.Qf4+ e5 38.Qxb4 e4 39.Be2 Qc7 40.c3 Bc8 41.Ne3 Kc6 42.Qd4 Be6 43.b4 Nb3
44.Qf6 Qd6 45.Nc2 Bc8 46.Qxd6+ Kxd6 47.Kf2 Ke5 48.Ke3 Nc1 49.Bf1 Nb3 50.Nd4 Nc1
51.b5 axb5 52.Bxb5 Na2 53.Kd2 Nb4 54.Nb3 Na6 55.Bxa6 Bxa6 56.Nc5 Bb5 57.a6 Bc6
58.Ke3 Kd6 59.Kd4 Kc7 60.Ne6+ Kb6 61.Nf4 Kxa6 62.Nxh3 Kb5 63.Nf4 Ka4 64.h4 Kb3
65.h5 Bd7 66.Nxd5  1-0

[Event "ch-Euro Indiv Women"]
[Site "Tbilisi GEO"]
[Date "2011.05.13"]
[Round "7"]
[White "Zawadzka,J"]
[Black "Arakhamia-Grant,K"]
[Result "0-1"]
[WhiteElo "2400"]
[BlackElo "2462"]

1.e4 c5 2.Nf3 e6 3.d4 cxd4 4.Nxd4 a6 5.Nc3 Qc7 6.Bd3 Nf6 7.O-O Bc5 8.Nb3 Be7
9.f4 d6 10.e5 Nfd7 11.Qg4 g6 12.exd6 Qxd6 13.Be3 Nc6 14.Rae1 b6 15.Ne4 Qc7
16.Ng5 Nf6 17.Qe2 Nb4 18.Bd4 Nxd3 19.cxd3 Rg8 20.Rc1 Qd8 21.Be5 Nd5 22.Nd4 Bc5
23.Kh1 h6 24.Ne4 Bxd4 25.Bxd4 f5 26.Nd2 Ra7 27.Qe5 Kf7 28.Nc4 Rd7 29.Qb8 Bb7
30.Ne5+ Ke7 31.Nxd7 Qxb8 32.Nxb8 Rxb8 33.Kg1 g5 34.Be5 Rg8 35.fxg5 Rxg5 36.g3 Kd7
37.Kf2 Bc6 38.Ke2 h5 39.Rc4 Bb5 40.Rh4 a5 41.Bf4 Rg8 42.Rxh5 Nb4 43.Rh7+ Kc6
44.Ke3 Nxa2 45.h4 Nb4 46.Rc1+ Kd5 47.Re7 Rh8 48.Rc3 a4 49.d4 Na2 50.Rcc7 Nb4
51.Be5 Ra8 52.Ra7 Rd8 53.Bc7 Rc8 54.Bxb6 Rc2 55.Rec7 Nc6 56.Ra8 Rxb2 57.Kf4 Rf2+
58.Kg5 Rg2 59.Kf4 Rf2+ 60.Ke3 Re2+ 61.Kf3 Rb2 62.Rd7+ Kc4 63.Rd6 Nb4 64.Bc5 Bc6+
65.Rxc6 Nxc6 66.Rxa4+ Kd5 67.Ba7 Rb7 68.Bc5 e5 69.Bf8 Nxd4+ 70.Kf2 Rb2+ 71.Kf1 Ke4
72.Ra3 Nc2 73.Rc3 Ne3+ 74.Ke1 Kf3 75.Rxe3+ Kxe3 76.Bh6+ Kf3 77.Bg7 Rb1+ 78.Kd2 e4
79.h5 e3+ 80.Kc2 Rh1  0-1

[Event "ch-CZE w GpA"]
[Site "Pardubice CZE"]
[Date "2011.05.15"]
[Round "2"]
[White "Blazkova,P"]
[Black "Havlikova,K"]
[Result "1/2-1/2"]
[WhiteElo "2205"]
[BlackElo "2288"]

1.e4 c5 2.Nf3 e6 3.d4 cxd4 4.Nxd4 a6 5.Nc3 Qc7 6.Bd3 Nf6 7.O-O Bc5 8.Nb3 Ba7
9.Bg5 h5 10.Bxf6 gxf6 11.Qf3 Qe5 12.Rfe1 Nc6 13.Nd5 Rh6 14.a4 Kf8 15.c3 Qg5
16.Ne3 Ne5 17.Qe2 Ng4 18.Nd4 Nxe3 19.fxe3 d6 20.Rf1 Ke7 21.Rae1 Bd7 22.Qf3 Rg8
23.Rf2 Qg4 24.a5 Qxf3 25.Rxf3 Rg5 26.b4 h4 27.Rf2 Rg4 28.Be2 Rg8 29.Bf3 Rc8
30.Rc2 Rc7 31.Kf2 Rh8 32.Ke2 f5 33.exf5 e5 34.Nb3 Bxf5 35.e4 Bd7 36.Nd2 Ba4
37.Rcc1 Bd7 38.c4 Rhc8 39.Kd3 f5 40.exf5 Bxf5+  1/2-1/2

[Event "TCh-UKR Clubs 2011"]
[Site "Alushta UKR"]
[Date "2011.05.17"]
[Round "5.5"]
[White "Nesteretz,A"]
[Black "Simonian,H"]
[Result "1-0"]
[WhiteElo "2418"]
[BlackElo "2468"]

1.e4 c5 2.Nf3 e6 3.d4 cxd4 4.Nxd4 a6 5.Nc3 b5 6.Bd3 Qb6 7.Nf3 Qc7 8.O-O Nc6
9.Qe2 d6 10.Bd2 Nf6 11.a4 b4 12.Na2 Qb7 13.a5 Be7 14.c3 bxc3 15.Nxc3 O-O
16.Na4 Bd8 17.b4 Nd7 18.Rfb1 Nde5 19.Be3 Nxf3+ 20.gxf3 Ne5 21.Nb6 Bxb6 22.axb6 Bd7
23.Bxa6 Rxa6 24.Rxa6 Nxf3+ 25.Qxf3 Qxa6 26.Rd1 Bb5 27.Qg3 Qb7 28.f3 f5 29.Qxd6 Qf7
30.b7 Qxb7 31.Qxe6+ Qf7 32.exf5 Re8 33.Qxf7+ Kxf7 34.Bd4 Re2 35.Rc1 Re7 36.Kf2 Rb7
37.Rg1 Kf8 38.f6 gxf6 39.Bxf6 Rf7 40.Be5 Rd7 41.Rc1 Ke7 42.Rc5 Rb7 43.Bc3 Ke6
44.f4 Bd3 45.f5+ Kf7 46.Ke3 Bb5 47.Kf4 Bd7 48.f6 h6 49.Ke5 Ba4 50.Ra5 Bd7
51.Kd6 Be8 52.Ke5 Bd7 53.h4 Be8 54.Rc5 Ba4 55.Rc8 Be8 56.Kd6 Rb6+ 57.Kc5 Rb5+
58.Kc4 Rh5 59.Rc7+ Kf8 60.Bd4 Rxh4 61.Kd5 Bf7+ 62.Ke5 Rh5+ 63.Kf4 Kg8 64.Rd7 Rh4+
65.Ke5 Rh5+ 66.Kd6 Rh4 67.Kc5 Rh5+ 68.Kb6 Rf5 69.b5 h5 70.Rd8+ Kh7 71.Kc6 h4
72.b6 Bh5 73.Rd7+ Kh6 74.b7 Bf3+ 75.Kd6 Bxb7 76.Rxb7 h3 77.Ke6 Rf3 78.Rb8 Kg6
79.Rg8+ Kh7 80.f7  1-0

[Event "46th Capablanca Memorial Open B"]
[Site "Havana CUB"]
[Date "2011.05.17"]
[Round "6.25"]
[White "Corado,R"]
[Black "Hernandez Sotelo,J"]
[Result "0-1"]
[WhiteElo "2035"]
[BlackElo "2140"]

1.e4 c5 2.Nf3 e6 3.d4 cxd4 4.Nxd4 a6 5.Nc3 Qc7 6.Bd3 Nf6 7.Bd2 Bc5 8.Nb3 Be7
9.Qe2 d6 10.f4 Nbd7 11.O-O-O b5 12.a3 Bb7 13.g4 Nb6 14.Rhe1 d5 15.exd5 Nbxd5
16.f5 Nf4 17.Bxf4 Qxf4+ 18.Nd2 O-O 19.fxe6 Qxg4 20.Qe5 Bc8 21.Be4 Nxe4 22.Rxe4 Qg5
23.exf7+ Rxf7 24.Nd5 Qxe5 25.Rxe5 Bd6 26.Re8+ Rf8 27.Rxf8+ Kxf8 28.Ne4 Bxh2
29.Rh1 Bb7 30.Nec3 Bf4+ 31.Kb1 Kg8 32.Ne7+ Kf7 33.Rxh7 Bh6  0-1

[Event "ch-Euro Indiv Women"]
[Site "Tbilisi GEO"]
[Date "2011.05.18"]
[Round "11"]
[White "Gumberidze,Nino"]
[Black "Lauterbach,I"]
[Result "1-0"]
[WhiteElo "1664"]
[BlackElo "2100"]

1.e4 c5 2.Nf3 e6 3.d4 cxd4 4.Nxd4 a6 5.Nc3 b5 6.a3 Qb6 7.Be3 Qc7 8.Be2 Ne7
9.Ndxb5 axb5 10.Nxb5 Qc6 11.Nd6+ Kd8 12.Bb5 Qc7 13.Nc4 Nd5 14.exd5 Qb7 15.Bb6+ Ke8
16.dxe6 Qe4+ 17.Qe2 Qxe2+ 18.Kxe2 fxe6 19.Rad1 Ba6 20.a4 Bxb5 21.axb5 d5
22.Ne5 Bd6 23.Nc4 Be7 24.Ne5 Bf6 25.f4 Bxe5 26.fxe5 Nd7 27.Bc7 Ra4 28.b6 Re4+
29.Kf2 Rf8+ 30.Kg3 Re3+ 31.Kh4 Rf4+ 32.g4 h6 33.c3 g5+ 34.Kh5 Rh3+ 35.Kg6 Rf7
36.Bd6 Nxb6 37.Ra1 Rb7 38.Bc5 Nc4 39.Ra8+ Kd7 40.Bd4 Ne3 41.Bxe3 Rxe3 42.Kf6 Rf3+
43.Kg6 Rxb2 44.Kxh6 Rxc3 45.Kxg5 Re2 46.Ra7+ Kc6 47.Ra6+ Kc5 48.Rxe6 d4 49.h4  1-0

[Event "20th Croatian Cup"]
[Site "Sibenik CRO"]
[Date "2011.05.20"]
[Round "4.33"]
[White "Fercec,N"]
[Black "Martic,Z"]
[Result "1/2-1/2"]
[WhiteElo "2453"]
[BlackElo "2356"]

1.e4 c5 2.Nf3 e6 3.d4 cxd4 4.Nxd4 a6 5.Nc3 Qc7 6.Bd3 Nc6 7.Nxc6 dxc6 8.O-O e5
9.f4 Nf6 10.Kh1 Bc5 11.Qf3 Ng4 12.f5 h5 13.Bd2 b5 14.Rae1 Bb7 15.Qg3 O-O-O
16.h3 Qe7 17.a3 Bb6 18.b4 c5 19.Nd5 Bxd5 20.exd5 Rxd5 21.f6 gxf6 22.Qf3 Qd6
23.bxc5 Bxc5 24.Re4 Kb8 25.a4 Rd4 26.Rxd4 Qxd4 27.axb5 Nf2+ 28.Kh2 e4 29.Qg3+ Ka8
30.Rxf2 exd3 31.Qf3+ Ka7 32.Rf1 dxc2 33.Bc3 Qd6+ 34.Kh1 Rd8 35.Qf5 Bb6 36.Qxc2 Bc7
37.Bd4+ Kb8 38.Bg1 axb5 39.Rf5 Re8 40.Rxb5+ Kc8 41.Rb1 Re3 42.Rd1 Qf4 43.Qc6 Rb3
44.Qa6+ Rb7 45.Rb1 Qe4 46.Qa8+ Bb8 47.Rc1+ Kd7 48.Rd1+ Ke8 49.Bh2 Qe2 50.Rc1 Qb2
51.Bf4 Ke7 52.Re1+ Kf8 53.Bxb8 Rxb8 54.Qf3 Rb5 55.Rf1 Kg7  1/2-1/2

[Event "Serbian Cup 2011"]
[Site "Valjevo SRB"]
[Date "2011.05.20"]
[Round "5.1"]
[White "Pavlovic,Milos"]
[Black "Ivanisevic,I"]
[Result "1/2-1/2"]
[WhiteElo "2537"]
[BlackElo "2648"]

1.e4 c5 2.Nc3 e6 3.Nf3 a6 4.d4 cxd4 5.Nxd4 b5 6.Bd3 Bb7 7.O-O Nc6 8.Nxc6 Bxc6
9.Re1 Bc5 10.e5 f5 11.Qh5+ g6 12.Qh3 Kf7 13.Ne2 h5 14.Be3 Qb6 15.Nf4 g5 16.Nxe6 dxe6
17.Bxf5 Rh6 18.Bxe6+ Rxe6 19.Qf5+ Ke7 20.Qh7+ Kf8 21.Qf5+ Ke7 22.Qh7+ Kf8
23.Qf5+ Ke7  1/2-1/2

[Event "zt 2.5"]
[Site "Asuncion PAR"]
[Date "2011.05.21"]
[Round "6"]
[White "Felgaer,R"]
[Black "Bachmann,Ax"]
[Result "1/2-1/2"]
[WhiteElo "2570"]
[BlackElo "2551"]

1.e4 c5 2.Nf3 e6 3.d4 cxd4 4.Nxd4 a6 5.Nc3 b5 6.Bd3 Bb7 7.O-O Nc6 8.Nxc6 Bxc6
9.Re1 Ne7 10.Bg5 Qb8 11.a4 b4 12.Ne2 Ng6 13.Nd4 Qe5 14.Nf3 Qxb2 15.Rb1 Qc3
16.Bd2 Qf6 17.Bg5 Qc3 18.Bd2 Qf6 19.Bg5  1/2-1/2

[Event "ch-Siberia Men"]
[Site "Barnaul RUS"]
[Date "2011.05.21"]
[Round "2"]
[White "Telelyaev,Alexa"]
[Black "Glushkov,Oleg"]
[Result "1-0"]
[WhiteElo "2125"]
[BlackElo "1848"]

1.e4 c5 2.Nf3 e6 3.d4 cxd4 4.Nxd4 a6 5.Nc3 Qc7 6.Bd3 Nf6 7.O-O b5 8.Kh1 Bb7
9.Qe2 Nc6 10.Nxc6 Bxc6 11.e5 Nd5 12.Nxd5 Bxd5 13.Bf4 Qb7 14.f3 h6 15.Qf2 Qc7
16.Qg3 g5 17.Be3 Bc5 18.Qf2 Bxe3 19.Qxe3 Qc6 20.Rf2 Rg8 21.Re2 Rc8 22.Qd2 Qb7
23.Re3 h5 24.Rd1 g4 25.f4 h4 26.Kg1 Rc7 27.Qf2 Qb6 28.Rde1 h3 29.g3 Ke7 30.f5 Bf3
31.Rxf3  1-0

[Event "ch-Siberia Men"]
[Site "Barnaul RUS"]
[Date "2011.05.23"]
[Round "4"]
[White "Loskutov,O"]
[Black "Dashiev,K"]
[Result "1-0"]
[WhiteElo "2437"]
[BlackElo "2115"]

1.e4 c5 2.Nf3 a6 3.Nc3 e6 4.d4 cxd4 5.Nxd4 Qc7 6.Bd3 Nf6 7.O-O Nc6 8.Be3 Be7
9.Kh1 d6 10.f4 Nxd4 11.Bxd4 e5 12.Be3 exf4 13.Bxf4 Be6 14.Qe2 O-O 15.Rae1 g6
16.Nd5 Bxd5 17.exd5 Rfe8 18.Qf3 Nh5 19.Be3 Bf8 20.g4 Ng7 21.Re2 Re7 22.Ref2 Rae8
23.Bg5 Re5 24.Bd2 R8e7 25.h4 Qd7 26.Bg5 f5 27.Bxe7 Bxe7 28.gxf5 Nxf5 29.Qh3 Qa4
30.Bxf5 gxf5 31.Rg2+ Kh8 32.Rfg1 h5 33.Qg3  1-0

[Event "Orlova Open"]
[Site "Orlova CZE"]
[Date "2011.05.23"]
[Round "3.14"]
[White "Talla,V"]
[Black "Luczyk,P"]
[Result "1-0"]
[WhiteElo "2423"]
[BlackElo "1800"]

1.e4 c5 2.Nf3 e6 3.d4 cxd4 4.Nxd4 a6 5.Nc3 Qc7 6.Bd3 Nf6 7.f4 d6 8.Qf3 e5
9.Nf5 Bxf5 10.exf5 Nc6 11.g4 Nd4 12.Qg2 Qc6 13.Qxc6+ bxc6 14.h3 Nb5 15.fxe5 dxe5
16.Ne4 Nd6 17.Nxf6+ gxf6 18.Be3 Be7 19.O-O-O a5 20.Be2 O-O 21.Rd3 Ne4 22.Bf3 Ng3
23.Rg1 e4 24.Rd2 exf3 25.Rxg3 Rfe8 26.Rxf3 Rad8 27.Rxd8 Bxd8 28.Bh6 Bc7 29.Rc3 Rc8
30.Rd3 Be5 31.c4 Rb8 32.b3 c5 33.Rd5 Bd4 34.Kd2 Re8 35.Rd7 Bf2 36.Kd3 Bd4
37.Ra7 Rd8 38.Kc2  1-0

[Event "XX Guillermo Garcia Mem Talents"]
[Site "Santa Clara CUB"]
[Date "2011.05.23"]
[Round "1.1"]
[White "Ramos,L"]
[Black "Hernandez Rojas,R"]
[Result "1-0"]
[WhiteElo "2158"]
[BlackElo "2078"]

1.e4 c5 2.Nf3 e6 3.d4 cxd4 4.Nxd4 a6 5.Nc3 b5 6.Be2 Bb7 7.Bf3 Qc7 8.O-O d6
9.a4 b4 10.Na2 Nf6 11.Re1 Nbd7 12.Bg5 Be7 13.Bxf6 Bxf6 14.Nxb4 O-O 15.c3 Ne5
16.Nd3 Rfd8 17.Qe2 d5 18.Nxe5 Bxe5 19.exd5 Bxd4 20.cxd4 Bxd5 21.Red1 Qb7
22.Ra3 Rab8 23.Bxd5 Rxd5 24.Rc3 g6 25.b3 a5 26.h3 Rbd8 27.Qf3 Qb6 28.Rcd3 Qa6
29.Qf6 Qb6 30.Rf3 Qc7 31.g3 R8d7 32.h4 Qc2 33.Rdd3 Qc1+ 34.Kg2 Qc7 35.Rc3 Qb7
36.Rc5 Qa8 37.h5 Qd8 38.Qxd8+ Rxd8 39.h6 Kf8 40.Rfc3 Ke7 41.Rxd5 Rxd5 42.Rc7+ Kf6
43.Rc4 Kg5 44.Rc5 Kf5 45.Rxd5+ exd5 46.Kf3 g5 47.Ke3 Kg4 48.b4 axb4 49.a5 b3
50.Kd3  1-0

[Event "XXX Zalakaros Open"]
[Site "Zalakaros HUN"]
[Date "2011.05.23"]
[Round "4"]
[White "Racz,Z"]
[Black "Monda,L"]
[Result "1-0"]
[WhiteElo "2295"]
[BlackElo "2124"]

1.e4 c5 2.Nf3 e6 3.d4 cxd4 4.Nxd4 a6 5.Nc3 b5 6.Bd3 Qb6 7.Nf3 Bb7 8.a4 Bb4
9.Bd2 bxa4 10.O-O Bc6 11.Ne5 Nf6 12.Nc4 Qc7 13.e5 d5 14.exf6 dxc4 15.Ne4 Bf8
16.Qg4 g6 17.Bxc4 h5 18.Qe2 Qe5 19.Rfe1 Qxe4 20.Qxe4 Bxe4 21.Rxe4 Nd7 22.Be2 Nc5
23.Rc4 Nd7 24.Rcxa4 Bc5 25.Rxa6 Rb8 26.Ra8 O-O 27.Rxb8 Rxb8 28.Bc3 Bb4 29.Bxb4 Rxb4
30.Ra8+ Kh7 31.Ra7 Ne5 32.b3 Rf4 33.Rc7 Rxf6 34.g3 g5 35.Rc5  1-0

[Event "XXVI Felix Cup"]
[Site "Baile Felix ROU"]
[Date "2011.05.24"]
[Round "7.13"]
[White "Uta,Ad"]
[Black "Berta,S"]
[Result "1/2-1/2"]
[WhiteElo "2099"]
[BlackElo "1840"]

1.e4 c5 2.Nf3 e6 3.d4 cxd4 4.Nxd4 a6 5.Nc3 Qc7 6.Be3 Bb4 7.Qd2 Nf6 8.f3 d5
9.e5 Qxe5 10.O-O-O Qc7 11.Bf4 Bxc3 12.Bxc7 Bxd2+ 13.Rxd2 Nc6 14.Nb3 b5 15.g4 Ke7
16.g5 Nd7 17.Bg2 Bb7 18.Re1 Rhc8 19.Bg3 Kf8 20.f4 Ne7 21.Na5 Bc6 22.Bf2 Nf5
23.h4 h5 24.g6 Nf6 25.Bf3 Bd7  1/2-1/2

[Event "Orlova Open"]
[Site "Orlova CZE"]
[Date "2011.05.24"]
[Round "4.11"]
[White "Adamcik,B"]
[Black "Helis,T"]
[Result "1/2-1/2"]
[WhiteElo "1819"]
[BlackElo "2254"]

1.e4 c5 2.Nf3 e6 3.d4 cxd4 4.Nxd4 a6 5.Nc3 Qc7 6.Be2 Nc6 7.a3 Nf6 8.Be3 Ne5
9.O-O b5 10.f4 Nc4 11.Bxc4 Qxc4 12.e5 Nd5 13.Nxd5 Qxd5 14.Qf3 Qxf3 15.Nxf3 Bb7
16.c3 Be7 17.Rad1 g6 18.Ng5 Rc8 19.Bd4 h6 20.Nf3 Bd5 21.Nd2 O-O 22.Rfe1 f6
23.exf6 Bxf6 24.Bxf6 Rxf6 25.g3 Rff8 26.Nf1 Rc7 27.Ne3 Bc6 28.Nc2 Kf7 29.Nb4 Bb7
30.Rd6 Ra8 31.Red1 Ke7 32.Nc2 Bd5 33.Rb6 Rc6 34.Rxc6 Bxc6 35.Kf2 a5 36.Ke3 Bd5
37.Nd4 b4 38.Rc1 bxa3 39.bxa3 Rb8 40.c4 Ba8 41.Kd3 Rb2 42.Rc2 Rb1 43.Kc3 Be4
44.Re2 Bf5 45.Nxf5+ gxf5 46.Kc2 Ra1 47.Kb2 Rf1 48.Kb3 Rf3+ 49.Ka4 Rc3 50.Ra2 Rxc4+
51.Kxa5 d5 52.Kb5 Kd6 53.a4 Rc8 54.a5 Rb8+ 55.Ka4 Rb1 56.a6 Kc7 57.Ka5 Rc1
58.Rb2 d4 59.Rd2 Kc6 60.Rxd4 Rc5+ 61.Kb4 Rb5+ 62.Ka4 Rb6 63.Rc4+ Kd5 64.Rb4 Rxa6+
65.Kb3 Ra1 66.Kc3 Ra2 67.Rd4+ Kc5 68.Rc4+ Kd6 69.Rd4+ Ke7 70.Rd2 Ra3+ 71.Kd4 h5
72.Rd3 Ra2 73.h4 Rg2 74.Ke5 Rg1 75.Kd4 Kf6 76.Re3 Ke7 77.Rd3 Rg2 78.Re3 Kd6
79.Rd3 Re2 80.Re3 Rxe3 81.Kxe3 Kc5 82.Kd3 Kd5 83.Ke3 Kc4 84.Ke2 Kd4 85.Kd2  1/2-1/2

[Event "Orlova Open"]
[Site "Orlova CZE"]
[Date "2011.05.25"]
[Round "5.17"]
[White "Didi,J"]
[Black "Luczyk,P"]
[Result "1-0"]
[WhiteElo "2031"]
[BlackElo "1800"]

1.e4 c5 2.Nf3 e6 3.d4 cxd4 4.Nxd4 a6 5.Nc3 Qc7 6.Be2 Nf6 7.O-O b5 8.e5 Qxe5
9.Bf3 Ra7 10.g3 Qc7 11.Bf4 d6 12.Ncxb5 axb5 13.Nxb5 Qc5 14.Nxa7 Qxa7 15.Bxd6 Bxd6
16.Qxd6 Nbd7 17.a4 Bb7 18.Qc7 O-O 19.Qxb7 Qxb7 20.Bxb7 Rb8 21.Bc6 Rxb2 22.Bxd7 Nxd7
23.Rfd1  1-0

[Event "Orlova Open"]
[Site "Orlova CZE"]
[Date "2011.05.26"]
[Round "6.10"]
[White "Gazik,Viktor"]
[Black "Helis,T"]
[Result "1/2-1/2"]
[WhiteElo "1923"]
[BlackElo "2254"]

1.e4 c5 2.Nf3 e6 3.d4 cxd4 4.Nxd4 a6 5.Nc3 Qc7 6.Bd3 Nc6 7.Nxc6 dxc6 8.O-O Nf6
9.f4 e5 10.f5 Bc5+ 11.Kh1 h5 12.Bg5 Ng4 13.Qf3 b5 14.a4 Bb7 15.Qg3 b4 16.Nd1 f6
17.Be3 Nxe3 18.Nxe3 h4 19.Qg6+ Qf7 20.Qxf7+ Kxf7 21.Nc4 a5 22.Rad1 Ke7 23.Rd2 Rhc8
24.Rfd1 Rd8 25.g3 hxg3 26.hxg3 Kf7 27.Be2 Rxd2 28.Rxd2 Ke7 29.Kg2 Bd4 30.b3 c5
31.Bf3 Bc6 32.Rd1 Be8 33.Rh1 Bf7 34.Be2 Bxc4 35.Bxc4 Be3 36.Kf3 Bh6 37.Ke2 Rd8
38.Rd1 Rxd1 39.Kxd1 Kd6 40.Ke2 Bg5 41.Kd3 Kc6 42.Be6 Kb6 43.Kc4 Kc6 44.g4 Bh6
45.Bf7 Bg5 46.Be8+ Kb6 47.Kd5 Bh6 48.Bb5 Bg5 49.Ke6 Bh6 50.Kf7 Kc7 51.Kg6 Kb6  1/2-1/2

[Event "XXX Zalakaros Open"]
[Site "Zalakaros HUN"]
[Date "2011.05.26"]
[Round "7"]
[White "Toplak,S"]
[Black "Juhasz,Ba"]
[Result "0-1"]
[WhiteElo "1892"]
[BlackElo "2020"]

1.e4 c5 2.Nf3 e6 3.Nc3 a6 4.d4 cxd4 5.Nxd4 Qc7 6.Bd3 Bc5 7.Nb3 Be7 8.Qg4 g6
9.f4 d6 10.O-O Nf6 11.Qe2 Nbd7 12.Be3 b5 13.a3 Bb7 14.Rae1 O-O 15.f5 Ne5
16.fxe6 fxe6 17.Nd4 Qd7 18.Bh6 Rf7 19.h3 Bf8 20.Bxf8 Raxf8 21.Rf2 Nh5 22.Ref1 Ng3
23.Qe3 Nxf1 24.Rxf1 Rxf1+ 25.Bxf1 Qf7 26.Be2 Qf6 27.Nf3 Nxf3+ 28.Bxf3 Qe5
29.b4 Rc8 30.Nd1 Rc4 31.c3 Bxe4 32.Be2 Rc8 33.Bf3 Bxf3 34.Qxe5 dxe5 35.gxf3 Rd8
36.Ne3 Rd3 37.Kf2 Rxc3  0-1

[Event "29th Liechtenstein Open"]
[Site "Triesen LIE"]
[Date "2011.05.27"]
[Round "1.15"]
[White "Grabher,H"]
[Black "Nussbaumer,Leon"]
[Result "1-0"]
[WhiteElo "2246"]
[BlackElo "1890"]

1.e4 c5 2.Nf3 e6 3.d4 cxd4 4.Nxd4 a6 5.Nc3 Qc7 6.g3 Nf6 7.Bg2 Nc6 8.O-O b5
9.e5 Ng8 10.Re1 Bb7 11.Bf4 Nge7 12.Ndxb5 axb5 13.Nxb5 Qb6 14.Nd6+ Kd8 15.Nxf7+ Ke8
16.Nxh8 g6 17.Bg5 Bg7 18.Bf6 Bxf6 19.exf6 Nf5 20.c3 Na5 21.Bxb7 Qxb7 22.Re5 Kf8
23.Rxf5 exf5 24.Qd6+ Kg8 25.Qe7 d5 26.f7+  1-0

[Event "XXX Zalakaros Open"]
[Site "Zalakaros HUN"]
[Date "2011.05.27"]
[Round "8"]
[White "Danin,A"]
[Black "Sax,G"]
[Result "1-0"]
[WhiteElo "2534"]
[BlackElo "2513"]

1.e4 c5 2.Nf3 e6 3.d4 cxd4 4.Nxd4 a6 5.Nc3 Qc7 6.Be2 Nf6 7.O-O Nc6 8.Be3 d6
9.f4 Be7 10.Qe1 O-O 11.Qg3 Nxd4 12.Bxd4 b5 13.a3 Bb7 14.Kh1 Bc6 15.Rad1 Qb7
16.Bf3 Rfd8 17.Rfe1 Ne8 18.Nd5 Bf8 19.Nb4 a5 20.Nxc6 Qxc6 21.c3 Rab8 22.e5 d5
23.b4 Ra8 24.Qh4 Rd7 25.Be2 Be7 26.Qh3 Bd8 27.Bd3 g6 28.Qe3 Rb7 29.Qe2 Ng7
30.g4 Rc8 31.Rf1 Ra8 32.f5 Bb6 33.Bxb5 Qc7 34.f6 Bxd4 35.cxd4 Qb6 36.a4 Ne8
37.Bxe8 Rxe8 38.b5 Rc8 39.Qd2 Qd8 40.Rc1  1-0